THE BROKEN WINGS (Record no. 216801)

MARC details
000 -LEADER
fixed length control field 00359nam a22001457a 4500
008 - FIXED-LENGTH DATA ELEMENTS--GENERAL INFORMATION
fixed length control field 260306b |||||||| |||| 00| 0 eng d
020 ## - INTERNATIONAL STANDARD BOOK NUMBER
International Standard Book Number 978-80-273-3236-6
050 ## - LIBRARY OF CONGRESS CALL NUMBER
Classification number PS 3513 .I282 B7 2019
Item number 1
100 ## - MAIN ENTRY--PERSONAL NAME
Personal name GIBRAN,KAHLIL
245 ## - TITLE STATEMENT
Title THE BROKEN WINGS
300 ## - PHYSICAL DESCRIPTION
Extent 85P;ILL
650 ## - SUBJECT ADDED ENTRY
Topical term or geographic name entry element THE BROKEN WINGS
942 ## - ADDED ENTRY ELEMENTS (KOHA)
Source of classification or shelving scheme Library of Congress Classification
Koha item type Long Loan Book

No items available.